000
00405nam a22001817a 4500
003
MPLRDC
005
20220104144228.0
008
210129b ||||| |||| 00| 0 eng d
082
_a
805.123 XW
100
_a
徐伟编校
245
_a
美国俗语2000句
_c
250
_a
初版
260
_a
_b
快泽
_c
300
_b
平
490
_a
迷你英语系列
650
_a
942
_c
BK
_o
805.123 XW
999
_c
47623
_d
47613